[Event "Open Nord 2016/2017"]
[Site "Meyreuil"]
[Date "2016.01.10"]
[Round "2"]
[White "Renoulet, Francoise"]
[Black "Gourdeau, Marie-Christine"]
[Result "0-1"]
[WhiteElo "1110"]
[BlackElo "1399"]
[PlyCount "96"]
[EventDate "2016.??.??"]

1. c4 e5 2. Nc3 Nf6 3. e4 c5 4. g3 Nc6 5. Nge2 Be7 6. Bg2 d6 7. O-O O-O 8. d3
Bg4 9. Be3 Qc8 10. Bh1 Bh3 11. Re1 Ng4 12. Nd5 f5 13. Nxe7+ Nxe7 14. f4 Nxe3
15. Qd2 Ng4 16. Nc3 Qd7 17. a3 Rad8 18. Nb5 a6 19. Nc3 Nc6 20. Nd5 Nf6 21. Nb6
Qe6 22. b4 fxe4 23. b5 Nd4 24. dxe4 Nb3 25. f5 Qf7 26. Qd3 Nxa1 27. Rxa1 Qh5
28. Bf3 Bg4 29. Bh1 Qe8 30. bxa6 bxa6 31. Rb1 Qc6 32. Nd5 Nxd5 33. cxd5 Qc8 34.
Rb6 c4 35. Qe3 c3 36. Rc6 Qa8 37. Qxc3 Qa7+ 38. Kf1 a5 39. Ke1 Qg1+ 40. Kd2
Qxh1 41. Qxa5 Qxh2+ 42. Kc3 Qxg3+ 43. Kb4 Qe1+ 44. Kb5 Be2+ 45. Ka4 Bd1+ 46.
Kb5 Qe2+ 47. Kb6 Qb2+ 48. Kc7 Qb8# 0-1

[Event "Open Nord 2016/2017"]
[Site "Meyreuil"]
[Date "2016.10.14"]
[Round "2"]
[White "Ribelles, Anthony"]
[Black "Schoeni, Christine"]
[Result "1-0"]
[WhiteElo "1384"]
[BlackElo "1102"]
[PlyCount "117"]
[EventDate "2016.??.??"]

1. e4 e5 2. Nf3 Nc6 3. d4 d6 4. dxe5 dxe5 5. Qxd8+ Kxd8 6. Bc4 Be6 7. Bxe6 fxe6
8. Be3 Nf6 9. Nbd2 Bd6 10. O-O-O Kd7 11. h3 Nb4 12. Kb1 Nc6 13. g4 Rad8 14. g5
Nh5 15. Nc4 Nf4 16. Nfxe5+ Kc8 17. Nf7 g6 18. Nxh8 Rxh8 19. Nxd6+ cxd6 20. Bxf4
e5 21. Be3 Nd4 22. Bxd4 exd4 23. Rxd4 Kc7 24. h4 Rf8 25. Rd2 Re8 26. f3 Kc6 27.
Rd5 Rf8 28. Rh3 b5 29. Kc1 a6 30. Kd2 Rd8 31. f4 Re8 32. Kd3 Rf8 33. Rf3 a5 34.
Kd4 Rf7 35. f5 a4 36. f6 b4 37. Kc4 a3 38. bxa3 bxa3 39. Rxa3 Rb7 40. Rb3 Ra7
41. a3 Ra4+ 42. Kd3 Ra7 43. c4 Rf7 44. a4 Ra7 45. a5 Rd7 46. Rb6+ Kc7 47. Rbxd6
Rxd6 48. Rxd6 Kxd6 49. a6 Ke5 50. Ke3 Kd6 51. a7 Kc5 52. Kd3 Kd6 53. Kd4 Kc6
54. a8=R Kb7 55. Ra1 Kc7 56. Kd5 Kb6 57. Rb1+ Ka5 58. f7 Ka4 59. f8=R 1-0

[Event "Open Nord 2016/2017"]
[Site "Meyreuil"]
[Date "2016.10.14"]
[Round "2"]
[White "Gougeon, Hugo"]
[Black "Fastier, Adrien"]
[Result "0-1"]
[WhiteElo "1099"]
[BlackElo "1329"]
[PlyCount "90"]
[EventDate "2016.??.??"]

1. e4 c5 2. Nc3 Nc6 3. Bc4 Nf6 4. f4 d6 5. Nf3 e5 6. d3 Nd4 7. Nxd4 cxd4 8. Nd5
Nxd5 9. Bxd5 Qc7 10. O-O f6 11. Qh5+ g6 12. Qh4 Bg7 13. f5 Qxc2 14. Bc4 Qa4 15.
fxg6 hxg6 16. Qg3 g5 17. Bxg5 fxg5 18. Qf3 Qd7 19. Qf7+ Qxf7 20. Bxf7+ Ke7 21.
Bd5 Be6 22. Bxe6 Kxe6 23. Rf3 Raf8 24. Rxf8 Rxf8 25. Rc1 Kd7 26. g3 g4 27. Rc4
a6 28. Rb4 b5 29. Rb3 Kc7 30. a4 Rb8 31. axb5 Rxb5 32. Ra3 Rb6 33. b3 Kd7 34.
Kf2 Bf8 35. Kg2 d5 36. exd5 Bxa3 37. h3 Rxb3 38. hxg4 Rxd3 39. g5 Bf8 40. g6 e4
41. Kf2 Rd2+ 42. Ke1 e3 43. Kf1 Rc2 44. Ke1 d3 45. d6 Rc1# 0-1

[Event "Open Nord 2016/2017"]
[Site "Meyreuil"]
[Date "2016.10.14"]
[Round "2"]
[White "Pinto, Axel"]
[Black "Person, Claude"]
[Result "1/2-1/2"]
[WhiteElo "1060"]
[BlackElo "1221"]
[PlyCount "143"]
[EventDate "2016.??.??"]

1. e4 c5 2. Nf3 e6 3. d4 cxd4 4. Nxd4 Nc6 5. Nxc6 bxc6 6. Nc3 Qf6 7. Bc4 a5 8.
a3 Bc5 9. O-O Bd4 10. Bd2 Ne7 11. Bg5 Qg6 12. Bxe7 Bxc3 13. bxc3 Kxe7 14. Qd4
Ba6 15. Bxa6 Rxa6 16. Rad1 Rd8 17. Qd6+ Ke8 18. Qc7 Raa8 19. Rd4 Qf6 20. Rfd1
d5 21. Qxc6+ Kf8 22. exd5 Rdc8 23. Qd6+ Qe7 24. dxe6 Qxd6 25. Rxd6 fxe6 26.
Rxe6 Rxc3 27. Rd7 Rxc2 28. g3 Rc5 29. Ree7 Rg5 30. h4 Rg4 31. Kh2 h5 32. Kh3
Ra6 33. f3 Rgg6 34. g4 hxg4+ 35. fxg4 Rad6 36. Rf7+ Kg8 37. h5 Rxd7 38. Rxd7
Re6 39. Kh4 Re3 40. h6 gxh6 41. Kh5 Rxa3 42. Kg6 Kf8 43. Kf6 Rf3+ 44. Kg6 Rh3
45. Ra7 Rg3 46. Kf5 Ra3 47. Kf6 Rf3+ 48. Kg6 Rg3 49. Rf7+ Ke8 50. Rf4 Rh3 51.
g5 hxg5 52. Kxg5 Ra3 53. Rf6 a4 54. Ra6 Kd7 55. Kf4 Kc7 56. Ke5 Kb7 57. Ra5 Kb6
58. Ra8 Ra2 59. Kd4 Kb5 60. Rb8+ Ka5 61. Kc3 Ra3+ 62. Kc4 Ra1 63. Kc3 Rc1+ 64.
Kb2 Rc4 65. Ka3 Rc3+ 66. Ka2 Rd3 67. Kb2 a3+ 68. Ka2 Ka4 69. Rb7 Rd2+ 70. Ka1
a2 71. Rb8 Rd1+ 72. Kxa2 1/2-1/2

[Event "Open Nord 2016/2017"]
[Site "Meyreuil"]
[Date "2016.10.14"]
[Round "2"]
[White "Pietrac, Christian"]
[Black "Lognos, Lina"]
[Result "1-0"]
[WhiteElo "1205"]
[BlackElo "1062"]
[PlyCount "65"]
[EventDate "2016.??.??"]

1. Nf3 d5 2. d3 c5 3. Nbd2 g6 4. e4 Bg7 5. g3 dxe4 6. Nxe4 Nf6 7. Nxc5 O-O 8.
Bg2 Qa5+ 9. c3 Qxc5 10. O-O Nc6 11. Be3 Qa5 12. Qd2 Ng4 13. Bf4 Rd8 14. Rfe1
Be5 15. Nxe5 Ncxe5 16. d4 Nc4 17. Qe2 Qh5 18. h4 e5 19. Bg5 Re8 20. Qxc4 Be6
21. d5 Rac8 22. Qd3 f6 23. Be3 Qf5 24. Be4 Qh5 25. dxe6 b6 26. Qd7 f5 27. Bb7
Rcd8 28. Qf7+ Kh8 29. Bg5 Rb8 30. Rad1 Rf8 31. Qc7 Nf6 32. Bxf6+ Kg8 33. Qg7#
1-0

[Event "Open Nord 2016/2017"]
[Site "Meyreuil"]
[Date "2016.11.04"]
[Round "3"]
[White "Mamah, Isabelle"]
[Black "Scamaroni, Jean-Paul"]
[Result "1-0"]
[WhiteElo "1925"]
[BlackElo "1608"]
[PlyCount "97"]

1. e4 c5 2. c3 d5 3. exd5 Qxd5 4. d4 cxd4 5. cxd4 Nc6 6. Nf3 e5 7. Nxe5 Nxe5 8.
dxe5 Bb4+ 9. Bd2 Qxe5+ 10. Qe2 Bxd2+ 11. Nxd2 Qxe2+ 12. Bxe2 Nf6 13. O-O O-O
14. Bf3 Rb8 15. Rac1 Be6 16. b3 b6 17. Rc7 a5 18. Nc4 Nd5 19. Bxd5 Bxd5 20. Rd1
Be6 21. h3 a4 22. bxa4 b5 23. axb5 Rxb5 24. a3 h6 25. Ra1 Bxc4 26. Rxc4 Ra8 27.
a4 Rb2 28. a5 Rb5 29. a6 Rb6 30. a7 Rb7 31. Rca4 Kf8 32. f3 Rb2 33. R1a2 Rb7
34. Kf2 Re7 35. f4 f6 36. Kf3 h5 37. f5 Kf7 38. Ra5 Rb7 39. R2a3 g6 40. fxg6+
Kxg6 41. Kf4 Rb4+ 42. Kg3 h4+ 43. Kf3 f5 44. R5a4 Rxa4 45. Rxa4 Kg5 46. Ra6 f4
47. Ra5+ Kg6 48. Kxf4 Rf8+ 49. Ke3 1-0

[Event "Open Nord 2016/2017"]
[Site "Meyreuil"]
[Date "2016.11.04"]
[Round "3"]
[White "Salvi, Michel"]
[Black "Graells, Christian"]
[Result "0-1"]
[WhiteElo "1671"]
[BlackElo "1602"]
[PlyCount "60"]

1. e4 e5 2. Nf3 Nc6 3. d4 exd4 4. Nxd4 Bc5 5. Nb3 Bb6 6. Nc3 a6 7. Be2 d6 8.
Bf4 Be6 9. Qd2 Nge7 10. Na4 Ba7 11. Be3 b6 12. Bxa6 O-O 13. Nd4 Nxd4 14. Bxd4
Bb8 15. Qe2 Nc6 16. Bc3 Qg5 17. Bb5 Na7 18. Ba6 Nc8 19. Bxc8 Bxc8 20. b3 Ba6
21. Qf3 Re8 22. h4 Qd5 23. e5 Rxe5+ 24. Bxe5 Qxe5+ 25. Kd2 Qd4+ 26. Kc1 Qxa1+
27. Kd2 Qd4+ 28. Ke1 d5 29. Rh3 Ba7 30. c3 Re8+ 0-1

[Event "Open Nord 2016/2017"]
[Site "Meyreuil"]
[Date "2016.11.04"]
[Round "3"]
[White "Arthaud, Geoffrey"]
[Black "Loysel, Yves"]
[Result "1/2-1/2"]
[WhiteElo "1539"]
[BlackElo "1645"]
[PlyCount "114"]

1. e4 c5 2. c3 Nf6 3. e5 Nd5 4. d4 cxd4 5. Nf3 Nc6 6. cxd4 e6 7. Bc4 Nb6 8. Bb5
a6 9. Bd3 d6 10. exd6 Bxd6 11. O-O O-O 12. Bc2 Bd7 13. Nc3 Nb4 14. Bb3 Bc6 15.
Re1 Qc7 16. Ne4 Be7 17. Bd2 Nd3 18. Re3 Nxb2 19. Qc2 Ba3 20. Ne5 Rad8 21. Ng5
g6 22. Bxe6 fxe6 23. Rxa3 N2a4 24. Nxe6 Qe7 25. Nxf8 Qxa3 26. Nfxg6 Qd6 27. Nf4
Qxd4 28. Qb3+ Bd5 29. Qg3+ Kh8 30. Rd1 Rg8 31. Qe3 Qxe3 32. Bxe3 Bxa2 33. Bd4
Re8 34. Nc4+ Kg8 35. Nxb6 Nxb6 36. Bxb6 Bb3 37. Rc1 Re5 38. f3 a5 39. Rc8+ Kf7
40. Nd3 Rd5 41. Nb2 Rb5 42. Rc7+ Kg6 43. Rxb7 Bd5 44. Rb8 Rxb2 45. Bc7 Ra2 46.
Rb5 Ra1+ 47. Kf2 Bc4 48. Rc5 Ra2+ 49. Ke3 Bf1 50. Bxa5 Bxg2 51. f4 Bh3 52. Rg5+
Kf7 53. Bc3 h6 54. Rh5 Ra3 55. Kd4 Ra4+ 56. Ke3 Ra3 57. Kd4 Ra4+ 1/2-1/2

[Event "Open Nord 2016/2017"]
[Site "Meyreuil"]
[Date "2016.11.04"]
[Round "3"]
[White "Tchifteyan, Philippe"]
[Black "Roman, Sylvian"]
[Result "1/2-1/2"]
[WhiteElo "1620"]
[BlackElo "1303"]
[PlyCount "100"]

1. e4 e5 2. Nf3 Nc6 3. c3 Nf6 4. d3 d6 5. Bg5 Be7 6. Nbd2 O-O 7. Be2 h6 8. Bh4
Nd7 9. Bg3 Nc5 10. O-O Ne6 11. Ne1 Bh4 12. Bg4 Bxg3 13. fxg3 Ne7 14. Nef3 Ng6
15. h3 Ng5 16. Nh4 Nxh4 17. gxh4 Nh7 18. g3 Nf6 19. Kg2 Bd7 20. Rf2 Bxg4 21.
hxg4 Qd7 22. Rf5 Qe7 23. g5 Nh7 24. Qg4 h5 25. Qe2 g6 26. Rf2 Qe6 27. Nf3 f5
28. exf5 Rxf5 29. b3 Raf8 30. Raf1 Qf7 31. Nh2 Rxf2+ 32. Rxf2 Qd5+ 33. Qe4
Qxe4+ 34. dxe4 Rxf2+ 35. Kxf2 Nf8 36. g4 Kg7 37. gxh5 gxh5 38. Nf1 Ng6 39. Kg3
Nf4 40. c4 c6 41. Ne3 Ne2+ 42. Kf3 Nd4+ 43. Kf2 Kg6 44. Ng2 Ne6 45. Ke3 b5 46.
cxb5 cxb5 47. b4 Nd4 48. Ne1 Nc6 49. Nd3 a6 50. a3 Nd4 1/2-1/2

[Event "Open Nord 2016/2017"]
[Site "Meyreuil"]
[Date "2016.11.04"]
[Round "3"]
[White "Pelopidas, Florian"]
[Black "Chauvet, Joelle"]
[Result "1-0"]
[WhiteElo "1609"]
[BlackElo "1470"]
[PlyCount "67"]

1. d4 d5 2. c4 e6 3. Nc3 Bb4 4. e3 Ne7 5. Nf3 O-O 6. Qc2 Nbc6 7. Bd3 Ng6 8. O-O
f5 9. a3 Be7 10. cxd5 exd5 11. Qb3 Be6 12. Qxb7 Na5 13. Qa6 c6 14. Bc2 Qb6 15.
Qxb6 axb6 16. Rd1 Nc4 17. Nd2 Nd6 18. Na4 b5 19. Nc5 Bc8 20. Ndb3 Ne4 21. Bxe4
fxe4 22. Bd2 Ra7 23. Rdc1 Bg5 24. Rc2 Raf7 25. Bb4 Ne7 26. Na5 Re8 27. Ncb3 Bd7
28. Bxe7 Rfxe7 29. Nxc6 Re6 30. Nb4 Rd6 31. Rac1 Bd8 32. Nc5 Be6 33. Nxe6 Rexe6
34. Rc5 1-0

[Event "Open Nord 2016/2017"]
[Site "Meyreuil"]
[Date "2016.11.04"]
[Round "3"]
[White "Amoros, Jean"]
[Black "Andriamandimbisoa, Mathieu"]
[Result "0-1"]
[WhiteElo "1458"]
[BlackElo "1766"]
[PlyCount "60"]

1. e4 e6 2. d4 d5 3. e5 c5 4. c3 Nc6 5. Nf3 Qb6 6. Be3 Qxb2 7. Nbd2 cxd4 8.
cxd4 Bb4 9. Rb1 Qxa2 10. Bb5 Qa5 11. Bxc6+ bxc6 12. O-O Ba6 13. Re1 Bb5 14. Ng5
Nh6 15. Nxe6 fxe6 16. Bxh6 gxh6 17. Qh5+ Kd8 18. Nb3 Qa2 19. Nc5 Bxc5 20. dxc5
Qc2 21. Qxh6 Qg6 22. Qd2 a5 23. Rb3 Rg8 24. Rg3 Qe8 25. Rf3 Qe7 26. Re4 Qxc5
27. Ref4 a4 28. Rf6 a3 29. Rxe6 a2 30. Rd6+ Qxd6 0-1

[Event "Open Nord 2016/2017"]
[Site "Meyreuil"]
[Date "2016.11.04"]
[Round "3"]
[White "Schiano-Lomoriello, Didier"]
[Black "Perdiolat, Francis"]
[Result "1-0"]
[WhiteElo "1601"]
[BlackElo "1460"]
[PlyCount "115"]

1. e4 d6 2. d4 Nf6 3. Nc3 g6 4. f4 Bg7 5. e5 dxe5 6. fxe5 Nd5 7. Bc4 Be6 8. Qf3
c6 9. Nge2 O-O 10. Ne4 Nb4 11. Qb3 Bxc4 12. Qxc4 Qa5 13. Bd2 Qd5 14. Qxd5 Nxd5
15. O-O Nd7 16. Nf4 Nxf4 17. Bxf4 f5 18. Ng5 Rfc8 19. Ne6 Bh8 20. Bg5 Kf7 21.
Nf4 e6 22. Rac1 Bg7 23. Ne2 Nb6 24. Nc3 Nc4 25. b3 Nb6 26. Ne4 Bf8 27. c4 Kg7
28. Bf6+ Kg8 29. Nd6 Rc7 30. Bg5 Rd7 31. c5 Nd5 32. h4 b6 33. Rf2 Bg7 34. cxb6
axb6 35. Rxc6 h6 36. Bc1 Rad8 37. Bb2 Bf8 38. Nc8 b5 39. Nb6 Nxb6 40. Rxb6 Bc5
41. Rxe6 Bxd4 42. Bxd4 Rxd4 43. Rxg6+ Kh7 44. Rf6 Rxh4 45. R6xf5 Rd1+ 46. Rf1
Rd2 47. R5f4 Rxf4 48. Rxf4 Rxa2 49. Rb4 Ra5 50. Kf2 Kg7 51. Ke3 Kf7 52. Kd4 Ke6
53. Ke4 h5 54. g3 Kd7 55. Kd5 Ke7 56. Kc5 Ke6 57. Kb6 Ra4 58. bxa4 1-0

[Event "Open Nord 2016/2017"]
[Site "Meyreuil"]
[Date "2016.11.04"]
[Round "3"]
[White "Gourdeau, Marie-Christine"]
[Black "Lemarchand, Fabien"]
[Result "0-1"]
[WhiteElo "1394"]
[BlackElo "1512"]
[PlyCount "90"]

1. e4 c5 2. c3 d5 3. exd5 Qxd5 4. d4 Nc6 5. Nf3 cxd4 6. cxd4 Bg4 7. Be2 Nf6 8.
Nc3 Qd8 9. O-O e6 10. Be3 a6 11. Rc1 Bd6 12. d5 exd5 13. Nd4 Bxe2 14. Qxe2 O-O
15. Rfd1 Re8 16. Qf3 Ne5 17. Qe2 Neg4 18. g3 Bb4 19. a3 Nxe3 20. fxe3 Bxc3 21.
Rxc3 Rc8 22. Rdc1 Rxc3 23. Rxc3 Ne4 24. Rc2 h6 25. Nf5 Qg5 26. Qf3 g6 27. Nh4
Nf6 28. Ng2 Ng4 29. Rc7 Qf5 30. Qxf5 gxf5 31. Rc3 Kg7 32. h3 Nf6 33. Rd3 Rc8
34. Rc3 Rxc3 35. bxc3 Ne4 36. Nf4 Nxc3 37. Kf2 Kf6 38. Kf3 b5 39. Ne2 Nxe2 40.
Kxe2 Ke5 41. Kd3 h5 42. h4 f6 43. Ke2 Ke4 44. Kf2 a5 45. Ke2 b4 0-1

[Event "Open Nord 2016/2017"]
[Site "Meyreuil"]
[Date "2016.11.04"]
[Round "3"]
[White "Mignemi, Denis"]
[Black "Ribelles, Anthony"]
[Result "1/2-1/2"]
[WhiteElo "1492"]
[BlackElo "1384"]
[PlyCount "65"]

1. d4 d5 2. Nf3 Nf6 3. Bf4 c5 4. c3 Qb6 5. Qc1 Bf5 6. Nbd2 Nc6 7. e3 Rc8 8. Be2
cxd4 9. exd4 Nb4 10. O-O Nd3 11. Bxd3 Bxd3 12. Re1 e6 13. Ne5 Bf5 14. Ndf3 h6
15. Qd1 Qa6 16. Qb3 Bd6 17. Nd2 O-O 18. h3 Rc7 19. Bh2 Re8 20. a4 Nd7 21. g4
Bh7 22. Re3 Nxe5 23. Bxe5 Bxe5 24. Rxe5 Qd3 25. Qd1 Qxh3 26. Re3 Qh4 27. Kg2
Rf8 28. Qe2 Rc6 29. Rh1 Qe7 30. Rg3 f6 31. Nf1 e5 32. dxe5 fxe5 33. Ne3 1/2-1/2

[Event "Open Nord 2016/2017"]
[Site "Meyreuil"]
[Date "2016.11.04"]
[Round "3"]
[White "Fastier, Adrien"]
[Black "Lupinacci, Patrick"]
[Result "1-0"]
[WhiteElo "1329"]
[BlackElo "1483"]
[PlyCount "95"]

1. e4 c5 2. Nc3 Nc6 3. f4 d6 4. Nf3 a6 5. a4 e6 6. Bc4 Na5 7. Ba2 Qc7 8. d3 Bd7
9. O-O g6 10. f5 Bg7 11. Ng5 Bd4+ 12. Kh1 O-O-O 13. Nxf7 Ne7 14. Nxd8 Qxd8 15.
f6 Nec6 16. Qf3 Ne5 17. Qh3 Qe8 18. Ne2 Nf7 19. Nxd4 cxd4 20. b4 Nc6 21. b5 Nb4
22. Bb3 e5 23. Qf3 Be6 24. bxa6 Nxa6 25. Bxe6+ Qxe6 26. Qh3 Qxh3 27. gxh3 Nb4
28. Rf2 Kd7 29. Rb1 Na6 30. Rxb7+ Nc7 31. a5 Ra8 32. Bd2 Kc8 33. Rb1 Ne6 34. h4
h6 35. Rg2 g5 36. hxg5 Nexg5 37. h4 Ne6 38. Rg8+ Nfd8 39. f7 Kc7 40. f8=Q Nxf8
41. Rxf8 Kd7 42. Rb7+ Ke6 43. Bxh6 d5 44. exd5+ Kd6 45. Bg5 Nxb7 46. Rxa8 Kxd5
47. a6 Nc5 48. Rd8+ 1-0

[Event "Open Nord 2016/2017"]
[Site "Meyreuil"]
[Date "2016.11.04"]
[Round "3"]
[White "Boukhfif, Tarik"]
[Black "Salvi, Angele"]
[Result "1-0"]
[WhiteElo "1473"]
[BlackElo "1043"]
[PlyCount "41"]

1. e4 d5 2. exd5 Qxd5 3. Nc3 Qa5 4. g3 Nf6 5. Bg2 c6 6. Nge2 Be6 7. d3 Nbd7 8.
O-O Bf5 9. Bd2 e6 10. Re1 Nd5 11. Nxd5 cxd5 12. Bxa5 b6 13. Nd4 bxa5 14. Nxf5
Nb6 15. Qd2 a4 16. c4 Rd8 17. Qa5 Rd7 18. cxd5 Nxd5 19. Bxd5 Bb4 20. Qxb4 Rxd5
21. Qe7# 1-0

[Event "Open Nord 2016/2017"]
[Site "Meyreuil"]
[Date "2016.11.04"]
[Round "3"]
[White "Bouriel, Michel"]
[Black "Pietrac, Christian"]
[Result "0-1"]
[WhiteElo "1452"]
[BlackElo "1226"]
[PlyCount "120"]

1. Nf3 Nf6 2. c4 g6 3. Nc3 Bg7 4. d3 d6 5. g3 c5 6. Bg2 O-O 7. O-O a6 8. Bg5 h6
9. Bd2 e6 10. Qc1 Kh7 11. a3 a5 12. Nb5 Ne8 13. d4 Nc7 14. dxc5 Nxb5 15. cxb5
dxc5 16. Rd1 Qe7 17. Be3 Nd7 18. Rb1 Rb8 19. Bf4 e5 20. Bd2 b6 21. b4 e4 22.
Nh4 f5 23. Bh1 g5 24. Ng2 Ne5 25. bxa5 Be6 26. Qc2 Nc4 27. axb6 Nxa3 28. Qc1
Nxb1 29. Qxb1 Rxb6 30. Ba5 Rb7 31. Ne3 Bd4 32. Nc2 Be5 33. Ne3 Rfb8 34. b6 c4
35. Nd5 Qc5 36. Bb4 Qc6 37. Bxe4 Bxd5 38. Bxd5 Qxb6 39. Qxf5+ Qg6 40. Qxg6+
Kxg6 41. Bxb7 Rxb7 42. Bc5 c3 43. Rc1 Rb2 44. Kg2 Rxe2 45. Bb4 c2 46. Kf3 Bb2
47. Kxe2 Bxc1 48. Bd2 Bb2 49. h3 c1=Q 50. Bxc1 Bxc1 51. f3 Kf5 52. Kd1 Bb2 53.
Ke2 Be5 54. Kf2 Bd6 55. Kg2 h5 56. Kf2 h4 57. gxh4 gxh4 58. Ke3 Bc5+ 59. Ke2
Kf4 60. Kf1 Kxf3 0-1

[Event "Open Nord 2016/2017"]
[Site "Meyreuil"]
[Date "2016.11.04"]
[Round "3"]
[White "Person, Claude"]
[Black "Burmonas, Solange"]
[Result "0-1"]
[WhiteElo "1200"]
[BlackElo "1270"]
[PlyCount "40"]

1. e4 e5 2. Nf3 Nc6 3. Bb5 Nf6 4. O-O Nxe4 5. Bxc6 bxc6 6. Nxe5 Qe7 7. Nf3 d5
8. d3 Nf6 9. Re1 Be6 10. Ng5 g6 11. Nxe6 fxe6 12. c3 Rb8 13. Qa4 Kd7 14. Bg5
Bg7 15. d4 h6 16. Bf4 g5 17. Bc1 Rhe8 18. Nd2 Qd6 19. Nb3 Ke7 20. Nc5 Kf7 0-1

[Event "Open Nord 2016/2017"]
[Site "Meyreuil"]
[Date "2016.11.04"]
[Round "3"]
[White "Burmonas, Marc"]
[Black "Pinto, Axel"]
[Result "0-1"]
[WhiteElo "1180"]
[BlackElo "1060"]
[PlyCount "32"]

1. e4 c5 2. Bc4 Nc6 3. Nf3 d6 4. d3 g6 5. Be3 Bg7 6. c3 Nf6 7. O-O O-O 8. Nbd2
Bd7 9. h3 Rb8 10. Re1 b5 11. Bb3 b4 12. Qc1 bxc3 13. Qxc3 Nxe4 14. Qc2 Nxd2 15.
Nxd2 Nb4 16. Qb1 Bxb2 0-1

[Event "Open Nord 2016/2017"]
[Site "Meyreuil"]
[Date "2016.11.04"]
[Round "3"]
[White "Hidreau, Olivier"]
[Black "Gougeon, Hugo"]
[Result "1-0"]
[WhiteElo "1426"]
[BlackElo "1099"]
[PlyCount "97"]

1. e4 e5 2. Nf3 Nc6 3. Bc4 Nf6 4. Ng5 d5 5. exd5 Nxd5 6. d3 Be7 7. Nxf7 Kxf7 8.
Qf3+ Ke6 9. c3 Bf6 10. O-O Nce7 11. Nd2 Kf7 12. Ne4 Be6 13. Ng5+ Ke8 14. Nxe6
Qd6 15. Ng5 Rf8 16. Nxh7 Rh8 17. Ng5 e4 18. Qg3 Be5 19. Nxe4 Bxg3 20. Nxd6+
cxd6 21. h3 Be5 22. f4 Bf6 23. Re1 Bh4 24. Re4 Bg3 25. Bxd5 Kd7 26. Bxb7 Rab8
27. Ba6 Rb6 28. Ra4 g5 29. fxg5 Rf8 30. Be3 Rc6 31. Bb5 Nd5 32. Bxc6+ Kxc6 33.
Re4 Nxe3 34. c4 d5 35. cxd5+ Kxd5 36. Re7 Nc2 37. Rc1 Bd6 38. Rd7 Re8 39. Rxd6+
Kxd6 40. Rxc2 Re1+ 41. Kf2 Ra1 42. b3 Ke6 43. h4 Kf5 44. Kg3 Kg6 45. Kg4 Rg1
46. g3 Rd1 47. Rc6+ Kg7 48. Rc7+ Kg6 49. h5# 1-0

[Event "Open Nord 2016/2017"]
[Site "Meyreuil"]
[Date "2016.11.04"]
[Round "3"]
[White "Schoeni, Christine"]
[Black "Renoulet, Francoise"]
[Result "1-0"]
[WhiteElo "1102"]
[BlackElo "1110"]
[PlyCount "63"]

1. d4 f5 2. c4 Nf6 3. Nc3 e6 4. e3 d5 5. c5 c6 6. Nf3 Be7 7. Be2 O-O 8. O-O h6
9. Nh4 Qe8 10. f4 Nh5 11. Bxh5 Qd8 12. Ng6 Rf6 13. b4 Bd7 14. Qf3 Be8 15. Qg3
b6 16. Bd2 Nd7 17. Nxe7+ Qxe7 18. Bxe8 Rxe8 19. Qh3 Qf8 20. Be1 Re7 21. Bh4 g5
22. Qg3 Rg6 23. fxg5 hxg5 24. Bxg5 Rh7 25. h4 Qg7 26. Ne2 e5 27. Qh3 Qf7 28.
Rxf5 Qg7 29. Raf1 Nf8 30. Qg4 Ne6 31. Rxe5 Nxg5 32. Re8+ 1-0

[Event "Open Nord 2016/2017"]
[Site "Meyreuil"]
[Date "2016.12.09"]
[Round "4"]
[White "Graells, Christian"]
[Black "Mamah, Isabelle"]
[Result "0-1"]
[WhiteElo "1602"]
[BlackElo "1924"]
[PlyCount "72"]

1. e4 c5 2. Nf3 g6 3. c3 Bg7 4. d4 cxd4 5. cxd4 d5 6. e5 Bg4 7. Bb5+ Nc6 8.
Bxc6+ bxc6 9. Nbd2 e6 10. O-O Ne7 11. h3 Bxf3 12. Nxf3 O-O 13. Qc2 Qb6 14. b3
Nf5 15. Rd1 Rfc8 16. Ba3 Bf8 17. Bc5 Bxc5 18. dxc5 Qd8 19. Qd2 a5 20. Qf4 Rcb8
21. Rac1 Rb4 22. Rc4 Rab8 23. Ng5 Qf8 24. Rxb4 Rxb4 25. Qc1 Qb8 26. f4 a4 27.
bxa4 Rxa4 28. a3 h6 29. Nf3 Qb3 30. Qb1 Qe3+ 31. Kh2 Qxf4+ 32. Kg1 Ne3 33. Rd3
Rc4 34. Nd2 Rxc5 35. Nb3 Rc2 36. Nd4 Rxg2+ 0-1

[Event "Open Nord 2016/2017"]
[Site "Meyreuil"]
[Date "2016.12.09"]
[Round "4"]
[White "Loysel, Yves"]
[Black "Pelopidas, Florian"]
[Result "0-1"]
[WhiteElo "1645"]
[BlackElo "1607"]
[PlyCount "82"]

1. e4 e6 2. Qe2 c5 3. f4 Nc6 4. Nf3 Be7 5. c3 d5 6. d3 Nf6 7. e5 Nd7 8. g3 O-O
9. Bg2 b5 10. O-O Qc7 11. Na3 b4 12. Nc2 a5 13. Bd2 Ba6 14. Rfc1 Rfb8 15. b3
bxc3 16. Bxc3 Nb4 17. Nxb4 axb4 18. Bd2 Qb6 19. Kh1 Bb5 20. Ne1 Ra7 21. f5 Bf8
22. Bf4 Rba8 23. h4 Ra3 24. Qb2 Qa6 25. fxe6 fxe6 26. Bh3 Be7 27. Nc2 Ra5 28.
d4 Nf8 29. dxc5 Bxc5 30. Ne1 Bb6 31. Rc2 Qa7 32. Qc1 Bd4 33. Rc7 Qb6 34. Rb1
Rxa2 35. Nf3 Bc3 36. Re7 Ra1 37. Rxa1 Rxa1 38. Qxa1 Bxa1 39. h5 Qf2 40. Bg4 Be2
41. Nh2 Bd4 0-1

[Event "Open Nord 2016/2017"]
[Site "Meyreuil"]
[Date "2016.12.09"]
[Round "4"]
[White "Scamaroni, Jean-Paul"]
[Black "Arthaud, Geoffrey"]
[Result "0-1"]
[WhiteElo "1608"]
[BlackElo "1539"]
[PlyCount "124"]

1. d4 Nf6 2. c4 e6 3. Nc3 Bb4 4. Nf3 d6 5. Bg5 h6 6. Bh4 O-O 7. e3 Nc6 8. Be2
e5 9. dxe5 dxe5 10. Qxd8 Rxd8 11. Bxf6 gxf6 12. Rc1 e4 13. Nd2 f5 14. a3 Bxc3
15. Rxc3 Ne5 16. Nb3 a5 17. Nc1 a4 18. f4 exf3 19. gxf3 Ra6 20. Rg1+ Rg6 21.
Rg3 Kh7 22. Nd3 Nxd3+ 23. Bxd3 Rb6 24. b4 axb3 25. c5 b2 26. Bb1 Rb5 27. e4
fxe4 28. fxe4 Re8 29. Rg2 Re5 30. Rcg3 Rg5 31. Rxg5 hxg5 32. Rxg5 Kh6 33. h4
Ra5 34. Kd2 Rxa3 35. Kc2 Rh3 36. Kxb2 Rh2+ 37. Kc3 Rxh4 38. Rg8 Rh3+ 39. Kd4
Be6 40. Rh8+ Kg7 41. Rb8 Rb3 42. Bd3 b6 43. cxb6 Rxb6 44. Ra8 Rd6+ 45. Kc3 Kf6
46. Ra5 Ke7 47. Ra7 Kd8 48. Ra8+ Kd7 49. Bb5+ c6 50. Ra7+ Kd8 51. Ba6 c5 52.
Bc4 Rd7 53. Ra8+ Kc7 54. Ra7+ Kd6 55. Rxd7+ Kxd7 56. e5 Bxc4 57. Kxc4 Ke6 58.
Kxc5 Kxe5 59. Kc4 Ke4 60. Kc3 Ke3 61. Kc2 f5 62. Kd1 Kf2 0-1

[Event "Open Nord 2016/2017"]
[Site "Meyreuil"]
[Date "2016.12.09"]
[Round "4"]
[White "Andriamandimbisoa, Mathieu"]
[Black "Boukhfif, Tarik"]
[Result "1-0"]
[WhiteElo "1766"]
[BlackElo "1473"]
[PlyCount "75"]

1. d4 d5 2. c4 c6 3. Nf3 Nf6 4. Nc3 e6 5. Bg5 Nbd7 6. e3 h6 7. Bh4 Be7 8. Bd3
dxc4 9. Bxc4 b5 10. Bd3 Bb7 11. O-O a6 12. e4 c5 13. e5 Nd5 14. Bxe7 Qxe7 15.
Ne4 O-O 16. Nd6 Rab8 17. Rc1 cxd4 18. Bb1 Nxe5 19. Nxe5 Qxd6 20. Qxd4 Rfd8 21.
Rcd1 Qe7 22. Ng4 Qg5 23. Qe4 Re8 24. Qh7+ Kf8 25. h3 h5 26. f4 Qh4 27. f5 Qg5
28. fxe6 Rxe6 29. Qh8+ Ke7 30. Qxb8 Bc6 31. Rf5 Qh4 32. Rdxd5 Qe1+ 33. Rf1 Qa5
34. Rxh5 Qd2 35. Qc7+ Bd7 36. Ne5 Qe3+ 37. Kh1 Rxe5 38. Rxe5+ 1-0

[Event "Open Nord 2016/2017"]
[Site "Meyreuil"]
[Date "2016.12.09"]
[Round "4"]
[White "Roman, Sylvian"]
[Black "Salvi, Michel"]
[Result "0-1"]
[WhiteElo "1303"]
[BlackElo "1671"]
[PlyCount "106"]

1. d4 Nf6 2. Nf3 g6 3. c4 Bg7 4. Nc3 O-O 5. e4 d6 6. Be2 Na6 7. h3 c5 8. d5 Nc7
9. Be3 Rb8 10. Rb1 Bd7 11. Bd3 b5 12. O-O bxc4 13. Bxc4 Nb5 14. Ne2 Nxe4 15.
Ng5 Nxg5 16. Bxg5 Nd4 17. Re1 Re8 18. Qd2 Bf5 19. Bd3 Bd7 20. Nxd4 Bxd4 21. b3
Bg7 22. Bc4 a5 23. Re2 Bb5 24. Qd3 Qd7 25. Rbe1 Be5 26. a4 Bxc4 27. Qxc4 Rb4
28. Qc2 c4 29. bxc4 Rc8 30. Re4 f6 31. Bd2 Rxa4 32. Qb3 f5 33. Rxe5 dxe5 34.
Qb5 Qxb5 35. cxb5 e4 36. Rb1 Rb8 37. Rc1 Rxb5 38. Rc8+ Kf7 39. Rd8 Rd4 40. Bh6
Rdxd5 41. Rf8+ Ke6 42. Rh8 a4 43. Rxh7 a3 44. Bf8 Rd7 45. Bg7 f4 46. Kh2 e3 47.
fxe3 fxe3 48. Rh4 Rdd5 49. Re4+ Re5 50. Bxe5 Rxe5 51. Ra4 e2 52. Rxa3 e1=Q 53.
Ra6+ Kf7 0-1

[Event "Open Nord 2016/2017"]
[Site "Meyreuil"]
[Date "2016.12.09"]
[Round "4"]
[White "Lemarchand, Fabien"]
[Black "Tchifteyan, Philippe"]
[Result "1-0"]
[WhiteElo "1512"]
[BlackElo "1620"]
[PlyCount "75"]

1. e4 c5 2. Nc3 Nc6 3. f4 e5 4. Nf3 exf4 5. Bc4 d6 6. d3 Be6 7. Bxe6 fxe6 8.
Bxf4 e5 9. Bg3 Nf6 10. O-O Be7 11. Ne2 O-O 12. c3 Nh5 13. Qb3+ Kh8 14. Qxb7 Na5
15. Qd5 Qc8 16. Bh4 Nf6 17. Bxf6 Rxf6 18. d4 Nc6 19. dxe5 Nxe5 20. Nxe5 dxe5
21. Qxe5 Bd6 22. Qd5 Qb8 23. Rxf6 Bxh2+ 24. Kh1 gxf6 25. g3 Qf8 26. Rd1 Bxg3
27. Nxg3 Rb8 28. b3 a5 29. Nf5 a4 30. bxa4 Qc8 31. Nd6 Qd7 32. Rg1 Rf8 33. a5
h6 34. Qh5 Qh7 35. a6 f5 36. Nxf5 Rf7 37. a7 Rf8 38. Rg7 1-0